Mobility Design : Die Zukunft der Mobilität Gestalten Band 2: Forschung.

Bibliographic Details
Main Author: Vöckler, Kai.
Other Authors: Eckart, Peter., Knöll, Martin., Lanzendorf, Martin.
Format: eBook
Language:German
Published: Berlin : Jovis Verlag GmbH, 2022.
Edition:1st ed.
Subjects:
Online Access:Click to View
LEADER 01461nam a22003733i 4500
001 EBC7158555
003 MiAaPQ
005 20231204023228.0
006 m o d |
007 cr cnu||||||||
008 231204s2022 xx o ||||0 ger d
020 |a 9783868597936  |q (electronic bk.) 
035 |a (MiAaPQ)EBC7158555 
035 |a (Au-PeEL)EBL7158555 
035 |a (OCoLC)1353268943 
040 |a MiAaPQ  |b eng  |e rda  |e pn  |c MiAaPQ  |d MiAaPQ 
100 1 |a Vöckler, Kai. 
245 1 0 |a Mobility Design :  |b Die Zukunft der Mobilität Gestalten Band 2: Forschung. 
250 |a 1st ed. 
264 1 |a Berlin :  |b Jovis Verlag GmbH,  |c 2022. 
264 4 |c {copy}2023. 
300 |a 1 online resource (264 pages) 
336 |a text  |b txt  |2 rdacontent 
337 |a computer  |b c  |2 rdamedia 
338 |a online resource  |b cr  |2 rdacarrier 
588 |a Description based on publisher supplied metadata and other sources. 
590 |a Electronic reproduction. Ann Arbor, Michigan : ProQuest Ebook Central, 2023. Available via World Wide Web. Access may be limited to ProQuest Ebook Central affiliated libraries.  
655 4 |a Electronic books. 
700 1 |a Eckart, Peter. 
700 1 |a Knöll, Martin. 
700 1 |a Lanzendorf, Martin. 
776 0 8 |i Print version:  |a Vöckler, Kai  |t Mobility Design  |d Berlin : Jovis Verlag GmbH,c2022 
797 2 |a ProQuest (Firm) 
856 4 0 |u https://ebookcentral.proquest.com/lib/matrademy/detail.action?docID=7158555  |z Click to View